Komentár ku Kodaňskému odporúčaniu o antibiotickej rezistencii

Bibliographic Details
Main Authors: Blahová, J. (Author), Králiková, K. (Author), Krčméry, Vladimír, 1931-2014 (Author), Menkyna, Radko, 1926-2012 (Author)
Format: Article
Language:Slovak
Subjects:

MARC

LEADER 00000nab a2200000 a 4500
001 vtls000752537
003 SK-MaSNL
005 20260304040035.0
008 160405c2000 xo 0 slo
015 |a SNBRB2001/03-08247 
035 |a CLN000104325 
040 |a SNKBUCL  |b slo  |c SNKBUCL  |e AACR2 
041 0 |a slo 
044 |a xo  |c SK 
080 |a 615.33.015.4  |2 1997 
245 0 0 |a Komentár ku Kodaňskému odporúčaniu o antibiotickej rezistencii  |c J. Blahová ... [et al.] 
504 |a Bibliogr. odkazy 
650 0 7 |a antibiotiká  |2 SNKPH  |9 2424 
650 0 7 |a antibiotická rezistencia  |2 SNK  |9 14840 
655 7 |a články z novín a časopisov  |2 SNK  |9 267496 
700 1 |a Blahová, J.  |4 aut  |9 1130228 
700 1 |a Králiková, K.  |4 aut  |9 743719 
700 1 |a Krčméry, Vladimír,  |d 1931-2014  |4 aut  |9 175351 
700 1 |a Menkyna, Radko,  |d 1926-2012  |4 aut  |9 190070 
773 0 |t RECIPE  |g Roč. 7, č. 1 (2000), s. 15 
850 |a Slovenská národná knižnica v Martine 
852 |a SNK  |b KIS3GCP 
958 |a MI 
958 |a NB 
958 |a RBX 
999 |c 2661021  |d 2662951